000
00259nam a22001217a 4500
008
180201b xxu||||| |||| 00| 0 eng d
041
_a
eng
080
_a
004
100
_a
28
101
_a
SHK
245
_a
Sequencher 4.0 user guide
_c
DNA
942
_2
udc
_c
BK
999
_c
41523
_d
41523